[Event "Let's Play Chess!"]
[Site "http://www.queenalice.com/game.php?id=157421"]
[Date "2007.1.22"]
[Round "-"]
[White "colognestar"]
[Black "Celebro"]
[Result "1-0"]
[WhiteElo "2069"]
[BlackElo "1529"]

1. c4 Nf6 2. Nc3 g6 3. g3 Bg7 4. Bg2 O-O 5. d3 d6 6. Nf3 c5 7. O-O Nc6 8. a3 d5
9. cxd5 Nxd5 10. Rb1 Nxc3 11. bxc3 Bxc3 12. Bh6 Bg7 13. Qc1 b6 14. Bxg7 Kxg7 15.
Ne5 Qd6 16. Nxc6 Bb7 17. Qc3+ f6 18. Nxe7 Qxe7 19. Bxb7 Qxb7 20. Qxc5 bxc5 21.
Rxb7+ Rf7 22. Rfb1 h6 23. Rxf7+ Kxf7 24. Rb7+ Ke6 25. Rh7 h5 26. Rc7 Kd6 27. Rg7
g5 28. Rh7 a5 29. Rxh5 Rb8 30. Rh6 Ke6 31. f4 gxf4 32. gxf4 Rb3 33. Rh5 1-0

[Event "AUTO-OPEN-527"]
[Site "http://www.queenalice.com/game.php?id=157642"]
[Date "2007.1.22"]
[Round "1"]
[White "csadler"]
[Black "Celebro"]
[Result "0-1"]
[WhiteElo "1780"]
[BlackElo "1521"]

1. Nf3 Nf6 2. d4 g6 3. c4 Bg7 4. g3 O-O 5. Bg2 d6 6. O-O Nbd7 7. Nc3 e5 8. e4
Re8 9. h3 exd4 10. Nxd4 Nb6 11. b3 c5 12. Nde2 Nxe4 13. Rb1 Bxc3 14. Bxe4 Rxe4
15. Nxc3 Re8 16. Bh6 Bxh3 17. Re1 Rxe1+ 18. Qxe1 Qf6 19. Qe3 Bd7 20. Re1 Bc6 21.
Nd5 Nxd5 22. cxd5 Bd7 23. Qe7 Qxe7 24. Rxe7 Rd8 25. Bg5 Bc8 26. Rxb7 Bxb7 27.
Bxd8 Kf8 28. Bc7 Ke7 0-1

[Event "AUTO-OPEN-527"]
[Site "http://www.queenalice.com/game.php?id=157643"]
[Date "2007.1.22"]
[Round "1"]
[White "Celebro"]
[Black "csadler"]
[Result "1/2-1/2"]
[WhiteElo "1502"]
[BlackElo "1724"]

1. Nf3 Nf6 2. c4 g6 3. g3 Bg7 4. Bg2 c6 5. O-O O-O 6. d4 d5 7. b3 Bg4 8. Bb2
Nbd7 9. Nbd2 e6 10. h3 Bxf3 11. Bxf3 Rc8 12. e4 dxe4 13. Nxe4 Nxe4 14. Bxe4 Nf6
15. Qd3 Nxe4 16. Qxe4 c5 17. Rfd1 cxd4 18. Bxd4 Bxd4 19. Rxd4 Qf6 20. Rad1
1/2-1/2

[Event "AUTO-OPEN-527"]
[Site "http://www.queenalice.com/game.php?id=157664"]
[Date "2007.1.22"]
[Round "1"]
[White "Celebro"]
[Black "llanes"]
[Result "0-1"]
[WhiteElo "1546"]
[BlackElo "1574"]

1. e4 e5 2. Nf3 d6 3. d4 Bg4 4. Be2 Nf6 5. Nc3 h6 6. dxe5 dxe5 7. Qxd8+ Kxd8 8.
Nxe5 Be6 9. f4 Bb4 10. Bd2 Nbd7 11. O-O-O Bxc3 12. Bxc3 Rg8 13. Nxd7 Nxd7 14.
Kb1 f6 15. f5 Bf7 16. e5 Be8 17. e6 Kc8 18. exd7+ Bxd7 19. Bc4 Re8 20. Rhe1 Rxe1
21. Rxe1 b6 22. Be6 a6 23. Bxd7+ Kxd7 24. h4 c5 25. g4 Kc6 26. b3 Rg8 27. Rg1
Kd5 28. g5 fxg5 29. hxg5 h5 30. f6 g6 31. Re1 h4 32. f7 Rf8 33. Rf1 Ke6 34. Rf6+
Ke7 35. Rxb6 Rxf7 36. Rxg6 h3 37. Rh6 Rf3 38. Kb2 Rg3 39. Bf6+ Kf7 0-1

[Event "AUTO-OPEN-527"]
[Site "http://www.queenalice.com/game.php?id=157665"]
[Date "2007.1.22"]
[Round "1"]
[White "llanes"]
[Black "Celebro"]
[Result "0-1"]
[WhiteElo "1227"]
[BlackElo "1440"]

1. e4 c5 2. Nc3 d6 3. Nd5 e6 4. Nc3 Nf6 5. d4 cxd4 6. Qxd4 Nc6 7. Qd1 Be7 8. Bb5
O-O 9. Qf3 Nd4 10. Qd3 e5 11. Ba4 a6 12. Qg3 b5 13. Bh6 Nh5 14. Qe3 bxa4 15.
O-O-O gxh6 16. Qxh6 Bg5+ 0-1

[Event "AUTO-OPEN-527"]
[Site "http://www.queenalice.com/game.php?id=157666"]
[Date "2007.1.22"]
[Round "1"]
[White "Celebro"]
[Black "Harir"]
[Result "0-1"]
[WhiteElo "1590"]
[BlackElo "2113"]

1. e4 e5 2. Nf3 Nc6 3. Bb5 Nf6 4. O-O Bc5 5. h3 O-O 6. Re1 a6 7. Ba4 b5 8. Bb3
d6 9. c3 Be6 10. d4 Bxb3 11. axb3 exd4 12. cxd4 Bb4 13. Bd2 Bxd2 14. Qxd2 d5 15.
e5 Ne4 16. Qc1 Nb4 17. Re3 c5 18. dxc5 Rc8 19. Qd1 Nxc5 20. Nd4 Nc6 21. Nxc6
Rxc6 22. b4 d4 23. Rf3 Ne6 24. Nd2 Qg5 0-1

[Event "AUTO-OPEN-527"]
[Site "http://www.queenalice.com/game.php?id=157667"]
[Date "2007.1.22"]
[Round "1"]
[White "Harir"]
[Black "Celebro"]
[Result "1-0"]
[WhiteElo "2110"]
[BlackElo "1590"]

1. e4 c5 2. Bc4 e6 3. Nc3 Ne7 4. Nf3 d5 5. exd5 exd5 6. Bb5+ Bd7 7. O-O g6 8.
Qe2 a6 9. Nxd5 Bg7 10. Bxd7+ Nxd7 11. Re1 Bf6 12. d3 O-O 13. Nxf6+ Nxf6 14. Qxe7
Qb6 15. Be3 Rac8 16. Bg5 Nd5 17. Qe4 Nb4 18. Qc4 1-0

[Event "Challenge"]
[Site "http://www.queenalice.com/game.php?id=158824"]
[Date "2007.1.25"]
[Round "-"]
[White "Celebro"]
[Black "Pagano"]
[Result "0-1"]
[WhiteElo "1521"]
[BlackElo "1939"]

1. e4 e5 2. Nf3 Nc6 3. Bb5 a6 4. Ba4 Nf6 5. O-O b5 6. Bb3 Bc5 7. c3 O-O 8. Re1
d6 9. d4 exd4 10. cxd4 Bb4 11. Bd2 Bg4 12. Bxb4 Nxb4 13. d5 a5 14. a3 Na6 15. h3
Bh5 16. Nc3 Rb8 17. g4 Bg6 18. Qd4 Nc5 19. Bc2 b4 20. axb4 Rxb4 21. Qd1 Nfxe4
22. Nxe4 Nxe4 23. Rxa5 c5 24. dxc6 Qxa5 0-1

[Event "AUTO-OPEN-531"]
[Site "http://www.queenalice.com/game.php?id=159302"]
[Date "2007.1.26"]
[Round "1"]
[White "Celebro"]
[Black "tetive"]
[Result "1-0"]
[WhiteElo "1568"]
[BlackElo "1506"]

1. e4 Nc6 2. Nf3 e5 3. Bb5 Nd4 4. Nxd4 exd4 5. O-O a6 6. Bc4 b5 7. Bxf7+ Kxf7 8.
Qh5+ g6 9. Qd5+ Ke8 10. Qxa8 Bd6 11. Re1 Ne7 12. e5 Bc5 13. Qf3 Nf5 14. d3 Rf8
15. Qd1 Kf7 16. c3 dxc3 17. Nxc3 Qh4 18. Ne4 Bd4 19. Bg5 Bb7 20. Bxh4 Bxb2 21.
Qb3+ Kg7 22. Bf6+ Kh6 23. Qxb2 d5 24. Qc1+ g5 25. Qxg5# 1-0

[Event "AUTO-OPEN-531"]
[Site "http://www.queenalice.com/game.php?id=159303"]
[Date "2007.1.26"]
[Round "1"]
[White "tetive"]
[Black "Celebro"]
[Result "1-0"]
[WhiteElo "1539"]
[BlackElo "1582"]

1. Nf3 Nf6 2. d4 g6 3. Be3 d5 4. Nc3 Bg7 5. g3 O-O 6. Bg2 Nc6 7. Qd3 Bf5 8. Qd2
Ne4 9. O-O Nxd2 10. Nxd2 Nxd4 11. Bg5 c6 12. e3 Nxc2 13. Rac1 Bxc3 14. bxc3 Kg7
15. g4 Bd3 16. Rfe1 Nxe1 17. Rxe1 f6 18. Bf4 e5 19. Bg3 Qa5 20. Nb3 Qxc3 21. Rc1
Qb4 22. Nc5 Qxg4 23. h3 Qf5 24. a4 b6 25. Nxd3 Qxd3 26. Kh2 c5 27. Bf1 Qa3 28.
Ba6 Qxc1 29. Bb7 Rad8 30. Bc6 d4 31. exd4 cxd4 32. Bb5 d3 33. f4 exf4 34. Bxf4
Qxf4+ 35. Kh1 Rc8 36. Bxd3 Qf2 37. Bxg6 1-0

[Event "AUTO-OPEN-532"]
[Site "http://www.queenalice.com/game.php?id=159652"]
[Date "2007.1.27"]
[Round "1"]
[White "Paulo_Lima"]
[Black "Celebro"]
[Result "1-0"]
[WhiteElo "1808"]
[BlackElo "1560"]

1. d4 Nf6 2. c4 g6 3. Nc3 Bg7 4. e4 O-O 5. Nf3 d6 6. Be2 e5 7. O-O Re8 8. d5 c6
9. Bg5 Qc7 10. Rc1 a5 11. a3 Na6 12. h3 Nc5 13. Bxf6 Bxf6 14. b4 axb4 15. axb4
Nd7 16. Qc2 b6 17. dxc6 Qxc6 18. Nd5 Bb7 19. b5 Qc5 20. Ne1 Bxd5 21. cxd5 Bg5
22. Qxc5 Nxc5 23. Nd3 Bxc1 24. Rxc1 Nxe4 25. f3 Nc5 26. Nb4 Rab8 27. Nc6 Ra8 28.
Kh2 Nb7 29. Kg3 1-0

[Event "AUTO-OPEN-532"]
[Site "http://www.queenalice.com/game.php?id=159653"]
[Date "2007.1.27"]
[Round "1"]
[White "Celebro"]
[Black "Paulo_Lima"]
[Result "0-1"]
[WhiteElo "1552"]
[BlackElo "1814"]

1. e4 c6 2. d4 d5 3. Nd2 dxe4 4. Nxe4 Bf5 5. Ng3 Bg6 6. h4 h6 7. Nf3 Nd7 8. Bc4
e6 9. O-O Ngf6 10. Bf4 Be7 11. Re1 O-O 12. Bd3 Bxd3 13. Qxd3 Re8 14. Rad1 Nd5
15. Bd2 Bxh4 16. Ne4 Bf6 17. c4 N5b6 18. Nd6 Rf8 19. Nxb7 Qc7 20. Na5 Rfd8 21.
b4 c5 22. b5 cxd4 23. Nc6 Rdc8 24. Nfxd4 Bxd4 25. Qxd4 e5 0-1

[Event "AUTO-OPEN-532"]
[Site "http://www.queenalice.com/game.php?id=159677"]
[Date "2007.1.27"]
[Round "1"]
[White "crister"]
[Black "Celebro"]
[Result "1-0"]
[WhiteElo "1780"]
[BlackElo "1500"]

1. e4 c5 2. Bc4 e6 3. Nc3 d6 4. Nf3 Ne7 5. O-O d5 6. exd5 exd5 7. Bb5+ Bd7 8.
Bxd7+ Qxd7 9. d4 b6 10. dxc5 bxc5 11. Re1 d4 12. Ne4 Qf5 13. Nd6+ Kd8 14. Nxf5
Nxf5 15. Ne5 Nd6 16. c3 1-0

[Event "AUTO-OPEN-532"]
[Site "http://www.queenalice.com/game.php?id=159678"]
[Date "2007.1.27"]
[Round "1"]
[White "Celebro"]
[Black "Kaspov"]
[Result "0-1"]
[WhiteElo "1591"]
[BlackElo "1821"]

1. e4 e5 2. Nf3 Nc6 3. d4 exd4 4. Nxd4 Nxd4 5. Qxd4 c5 6. Qc4 d6 7. Qb5+ Qd7 8.
Nc3 a6 9. Qa4 Ne7 10. Be2 Nc6 11. O-O Be7 12. Nd5 Kd8 13. Nb6 Qe6 14. Nxa8 Bd7
15. Nb6 Nd4 16. Bc4 Bxa4 17. Bxe6 Nxe6 18. Nxa4 Nd4 19. c4 Bf6 20. Rb1 b5 21.
cxb5 axb5 22. Nb6 h6 23. Nd5 Be5 24. f4 Ne2+ 25. Kh1 Nxc1 26. Rfxc1 Bd4 27. Rd1
Kd7 28. b4 Re8 29. bxc5 dxc5 30. Rxb5 Rxe4 0-1

[Event "AUTO-OPEN-532"]
[Site "http://www.queenalice.com/game.php?id=159679"]
[Date "2007.1.27"]
[Round "1"]
[White "Kaspov"]
[Black "Celebro"]
[Result "1-0"]
[WhiteElo "1814"]
[BlackElo "1545"]

1. c4 Nf6 2. Nc3 g6 3. e4 d6 4. d4 Bg7 5. Bf4 O-O 6. Nf3 Nbd7 7. Bd3 Re8 8. O-O
e5 9. d5 c6 10. Bg5 Qc7 11. Qd2 h6 12. Bxh6 1-0